[Event "HUN-chT2 Asztalos 0506"]
[Site "Hungary"]
[Date "2006.04.23"]
[Round "11"]
[White "Kiss, Viktor"]
[Black "Kovacs, Gabor M"]
[Result "1/2-1/2"]
[WhiteElo "2125"]
[BlackElo "2271"]
[PlyCount "81"]
[EventDate "2005.10.16"]
[EventType "team"]
[EventRounds "11"]
[EventCountry "HUN"]
[SourceTitle "EXT 2009"]
[Source "ChessBase"]
[SourceDate "2008.11.26"]
[SourceVersion "1"]
[SourceVersionDate "2008.11.26"]
[SourceQuality "1"]
[WhiteTeam "Fehervar"]
[BlackTeam "Bajai"]
[WhiteTeamCountry "HUN"]
[BlackTeamCountry "HUN"]

1. e4 e6 2. d4 d5 3. Nd2 Nf6 4. e5 Nfd7 5. Bd3 c5 6. c3 Nc6 7. Ne2 Qb6 8. Nf3 cxd4 9. cxd4 Bb4+ 10. Bd2 f6 11. exf6 Nxf6 12. 0-0 0-0 13. Bxb4 Qxb4 14. Qc2 Qd6 15. a3 Bd7 16. Ng3 Rac8 17. Qd2 h6 18. h3 Be8 19. Qe3 Bh5 20. Ne5 Bf7 21. f4 Rc7 22. Rae1 Ne4 23. Kh2 Nxg3 24. Kxg3 Ne7 25. Rc1 Rfc8 26. Rxc7 Qxc7 27. Re1 Qb6 28. f5 Nxf5+ 29. Bxf5 exf5 30. Nxf7 Qg6+ 31. Kh2 Qxf7 32. Rc1 Re8 33. Qf4 Re2 34. Rc8+ Kh7 35. Qb8 Qe6 36. Rh8+ Kg6 37. Rd8 Qe7 38. Qg3+ Qg5 39. Rd6+ Kf7 40. Rd7+ Re7 41. Rxd5 1/2-1/2

[Event "HUN-chT2 Asztalos 0506"]
[Site "Hungary"]
[Date "2006.02.26"]
[Round "8"]
[White "Breitenbach, Zoltan"]
[Black "Kiss, Viktor"]
[Result "1/2-1/2"]
[WhiteElo "2114"]
[BlackElo "2125"]
[PlyCount "52"]
[EventDate "2005.10.16"]
[EventType "team"]
[EventRounds "11"]
[EventCountry "HUN"]
[SourceTitle "EXT 2009"]
[Source "ChessBase"]
[SourceDate "2008.11.26"]
[SourceVersion "1"]
[SourceVersionDate "2008.11.26"]
[SourceQuality "1"]
[WhiteTeam "Pannonpower II"]
[BlackTeam "Fehervar"]
[WhiteTeamCountry "HUN"]
[BlackTeamCountry "HUN"]

1. d4 Nf6 2. g3 g6 3. Bg2 d5 4. Nf3 Bg7 5. 0-0 0-0 6. c4 c6 7. Nc3 dxc4 8. Ne5 Nfd7 9. Nxc4 Nb6 10. Nxb6 Qxb6 11. d5 Rd8 12. Qc2 Bxc3 13. Qxc3 cxd5 14. Bxd5 Rxd5 15. Qxc8+ Rd8 16. Qc3 Nc6 17. Be3 Qb5 18. Rfe1 Rac8 19. Rac1 b6 20. Bh6 f6 21. a3 Kf7 22. Be3 Qf5 23. Qc4+ Kg7 24. Qa6 h5 25. Qb7 Qe6 26. h4 Na5 1/2-1/2

[Event "HUN-chT2 Asztalos 0506"]
[Site "Hungary"]
[Date "2005.10.16"]
[Round "1"]
[White "Illes, Attila"]
[Black "Kiss, Viktor"]
[Result "0-1"]
[WhiteElo "2100"]
[BlackElo "2125"]
[PlyCount "86"]
[EventDate "2005.10.16"]
[EventType "team"]
[EventRounds "11"]
[EventCountry "HUN"]
[SourceTitle "EXT 2009"]
[Source "ChessBase"]
[SourceDate "2008.11.26"]
[SourceVersion "1"]
[SourceVersionDate "2008.11.26"]
[SourceQuality "1"]
[WhiteTeam "Szenna Pack II"]
[BlackTeam "Fehervar"]
[WhiteTeamCountry "HUN"]
[BlackTeamCountry "HUN"]

1. d4 Nf6 2. Nf3 g6 3. Bg5 Ne4 4. Bf4 c5 5. Nbd2 d5 6. e3 Bg7 7. c3 Qb6 8. Qb3 Nxd2 9. Nxd2 c4 10. Qxb6 axb6 11. e4 e6 12. a3 Nc6 13. e5 b5 14. Rb1 0-0 15. Be3 f6 16. f4 g5 17. exf6 Bxf6 18. fxg5 Bg7 19. Nf3 e5 20. dxe5 Nxe5 21. Nxe5 Bxe5 22. Be2 Bf5 23. Rd1 Be4 24. Bf3 Rxf3 25. gxf3 Bxf3 26. Kd2 Bxd1 27. Kxd1 b4 28. axb4 Ra1+ 29. Bc1 Bf4 30. Kc2 Kg7 31. Rd1 Rxc1+ 32. Rxc1 Bxc1 33. Kxc1 Kg6 34. Kd2 Kxg5 35. b5 Kf4 36. b6 Kf3 37. h3 h5 38. h4 Kf2 39. Kd1 Kg3 40. Ke2 Kxh4 41. Kf3 Kg5 42. Kg3 h4+ 43. Kf3 Kf5 0-1